Países Fusionados #4 - Estadísticas

Estadísticas generales
  • Esta prueba ha sido intentada 52 veces
  • La puntuación promedio es 16 de 20
Respuestas en el mapa
Las respuestas están codificadas por una escala verde-roja en el mapa de la prueba según el % correcto abajo.
 
Estadísticas de respuestas
Country % Correcto
Bolivia
96%
Chile
96%
Alemania
91%
Estados Unidos
91%
México
91%
Países Bajos
91%
Chad
87%
Kazajistán
87%
República Centroafricana
87%
Ghana
84%
Uzbekistán
84%
Costa de Marfil
82%
República Democrática del Congo
82%
Italia
78%
Suiza
78%
Omán
76%
Yemen
76%
Uganda
73%
Moldavia
51%
Ucrania
51%
No se encontraron pruebas coincidentes
Distribución de puntuación
Porcentaje de gente con cada puntuación
Porcentaje por número respondido
Historial de tus puntuaciones
No has intentado esta prueba.